Validity of a new scoring system using transvaginal ultrasonography and color doppler flow imaging in evaluation of adnexal masses / (رقم التسجيلة. 44504)

تفاصيل مارك
000 -LEADER
fixed length control field 01910cam a2200349 a 4500
003 - CONTROL NUMBER IDENTIFIER
control field EG-GiCUC
005 - DATE AND TIME OF LATEST TRANSACTION
control field 20250223030916.0
008 - FIXED-LENGTH DATA ELEMENTS--GENERAL INFORMATION
fixed length control field 131218s2013 ua dh f m 000 0 eng d
040 ## - CATALOGING SOURCE
Original cataloging agency EG-GiCUC
Language of cataloging eng
Transcribing agency EG-GiCUC
041 0# - LANGUAGE CODE
Language code of text/sound track or separate title eng
049 ## - LOCAL HOLDINGS (OCLC)
Holding library Deposite
097 ## - Thesis Degree
Thesis Level Ph.D
099 ## - LOCAL FREE-TEXT CALL NUMBER (OCLC)
Classification number Cai01.11.15.Ph.D.2013.Ah.V
100 0# - MAIN ENTRY--PERSONAL NAME
Personal name Ahmed Mohamed Mahmoud Ibrahim
245 10 - TITLE STATEMENT
Title Validity of a new scoring system using transvaginal ultrasonography and color doppler flow imaging in evaluation of adnexal masses /
Statement of responsibility, etc. Ahmed Mohamed Mahmoud Ibrahim ; Supervised Mohamed Hany Shehata , Dalal Anwar Elwy , Hazem Salah Eldin Elashmawy
246 15 - VARYING FORM OF TITLE
Title proper/short title صلاحية نظام التقييم الجديد لتورمات ملحقات الرحم باستخدام الموجات فوق الصوتية المهبلية و الدوبلر الملون
260 ## - PUBLICATION, DISTRIBUTION, ETC.
Place of publication, distribution, etc. Cairo :
Name of publisher, distributor, etc. Ahmed Mohamed Mahmoud Ibrahim ,
Date of publication, distribution, etc. 2013
300 ## - PHYSICAL DESCRIPTION
Extent 165 P. :
Other physical details charts , facsimiles ;
Dimensions 25cm
502 ## - DISSERTATION NOTE
Dissertation note Thesis (Ph.D.) - Cairo University - Faculty of Medicine - Department of Gynecology and Obstetrics
520 ## - SUMMARY, ETC.
Summary, etc. Adnexal masses are considered a group of the most common diseases in gynecology. Ovarian tumors, alone, represent two thirds of these cases. 2D ultrasound and CA 125 separately were the main diagnostic tools in provisional diagnosis of these adnexal masses. Now, morphological scoring systems can help in accurately predicting the nature of the mass with the help of pulsed wave doppler and ultrasonography
530 ## - ADDITIONAL PHYSICAL FORM AVAILABLE NOTE
Additional physical form available note Issued also as CD
653 #4 - INDEX TERM--UNCONTROLLED
Uncontrolled term Adnexal masses
653 #4 - INDEX TERM--UNCONTROLLED
Uncontrolled term Alcazar scoring system
653 #4 - INDEX TERM--UNCONTROLLED
Uncontrolled term Ultrasonography
700 0# - ADDED ENTRY--PERSONAL NAME
Personal name Dalal Anwar Elwy ,
Relator term
700 0# - ADDED ENTRY--PERSONAL NAME
Personal name Hazem Salah Eldin Elashmawy ,
Relator term
700 0# - ADDED ENTRY--PERSONAL NAME
Personal name Mohamed Hany Shehata ,
Relator term
856 ## - ELECTRONIC LOCATION AND ACCESS
Uniform Resource Identifier <a href="http://172.23.153.220/th.pdf">http://172.23.153.220/th.pdf</a>
905 ## - LOCAL DATA ELEMENT E, LDE (RLIN)
Cataloger Nazla
Reviser Revisor
905 ## - LOCAL DATA ELEMENT E, LDE (RLIN)
Cataloger Samia
Reviser Cataloger
942 ## - ADDED ENTRY ELEMENTS (KOHA)
Source of classification or shelving scheme Dewey Decimal Classification
Koha item type Thesis
المقتنيات
Source of classification or shelving scheme Not for loan Home library Current library Date acquired Full call number Barcode Date last seen Koha item type Copy number
Dewey Decimal Classification   المكتبة المركزبة الجديدة - جامعة القاهرة قاعة الرسائل الجامعية - الدور الاول 11.02.2024 Cai01.11.15.Ph.D.2013.Ah.V 01010110061536000 22.09.2023 Thesis  
Dewey Decimal Classification   المكتبة المركزبة الجديدة - جامعة القاهرة مخـــزن الرســائل الجـــامعية - البدروم 11.02.2024 Cai01.11.15.Ph.D.2013.Ah.V 01020110061536000 22.09.2023 CD - Rom 61536.CD
Cairo University Libraries Portal Implemented & Customized by: Eng. M. Mohamady Contacts: new-lib@cl.cu.edu.eg | cnul@cl.cu.edu.eg
CUCL logo CNUL logo
© All rights reserved — Cairo University Libraries
CUCL logo
Implemented & Customized by: Eng. M. Mohamady Contact: new-lib@cl.cu.edu.eg © All rights reserved — New Central Library
CNUL logo
Implemented & Customized by: Eng. M. Mohamady Contact: cnul@cl.cu.edu.eg © All rights reserved — Cairo National University Library